Ayúdele a la gente a ganar en el trabajo : una filosofía llamada : no califique mi examen, ayúdeme a obtener la mejor nota /

Se aborda la importancia que se le debe de dar a la gente, tanto a empleados como a clientes, para el bienestar y el crecimiento personal y fomentar una empresa líder. Contenido: 1) No califiques mi examen, ayúdame a obtener la mejor nota; 2) La construcción de la cultura adecuada; 3) Mi punto de vi...

Cijeli opis

Spremljeno u:
Bibliografski detalji
Glavni autor: Blanchard, Ken (autor)
Daljnji autori: Ridge, Garry (autor) (autor)
Format: Knjiga
Jezik:španjolski
Izdano: Bogotá, Colombia : Norma, 2010, c2010
Serija:(Liderazgo al Más Alto Nivel)
Teme:
Oznake: Dodaj oznaku
Bez oznaka, Budi prvi tko označuje ovaj zapis!

MARC

LEADER 00000nam^a2200000^a^4500
001 000300904
005 20250521000000.0
009 20260310112527.462
020 |a 978-958-45-2431-7 
037 |a Acervo ITESO - Biblioteca 
041 |a ESP 
082 |a 658. 4092  |b BLA 
100 |a Blanchard, Ken  |e (autor) 
245 1 0 |a Ayúdele a la gente a ganar en el trabajo :  |b una filosofía llamada : no califique mi examen, ayúdeme a obtener la mejor nota /  |c K. Blanchard, G. Ridge ; tr. por Esperanza Meléndez. 
264 4 |a Bogotá, Colombia :  |b Norma,  |c 2010, c2010 
300 |a XXXI, 171 p. 
336 |a texto  |b txt  |2 rdacontenido 
337 |a sin mediación  |b n  |2 rdamedio 
338 |a volumen  |b nc  |2 rdasoporte 
440 1 |a (Liderazgo al Más Alto Nivel) 
500 |a Traducción de: Helping People Win at Work 
520 |a Se aborda la importancia que se le debe de dar a la gente, tanto a empleados como a clientes, para el bienestar y el crecimiento personal y fomentar una empresa líder. Contenido: 1) No califiques mi examen, ayúdame a obtener la mejor nota; 2) La construcción de la cultura adecuada; 3) Mi punto de vista sobre el liderazgo; 4) 12 verdades simples para ayudarle a la gente a ganar en el trabajo. 
649 |a XX 
650 |a Liderazgo -  |x Tema Principal 
650 |a Productividad 
650 |a Comunicación Organizacional -  |x Tema Principal 
650 |a Recursos Humanos 
650 |a Proceso Administrativo -  |x Dirección 
650 |a Ciencias Administrativas 
700 |a Ridge, Garry  |e (autor) 
910 |a Fondo General 
920 |a Impresos - Libros 
930 |a Colección General 
905 |a 101 
901 |a 0500186816  |b IT1  |c ACC  |i C123825  |u 20250521 
902 |a https://opac.biblio.iteso.mx/vufind/Record/000300904